| 000 | 00620nam a2200169 a 4500 | ||
|---|---|---|---|
| 001 | 000035133 | ||
| 005 | 20250520113530.0 | ||
| 008 | 111025s1958 mx 000 0 spa d | ||
| 040 |
_aDO-SdBNP _bspa _cBNPHU |
||
| 100 | 1 |
_aUgarte, Héctor Manuel, _d1914- _960832 |
|
| 245 | 1 | 0 |
_aDinámica de la conducta humana : _bla psicología del hombre en relación con la vida instintiva / _cpor Héctor Manuel Ugarte. |
| 260 |
_aMéxico : _bFournier, _c1958. |
||
| 300 |
_a254 p. ; _c23 cm. |
||
| 590 | _aPerteneció a la biblioteca personal de Juan Isidro Jimenes Grullón | ||
| 650 | 2 | 0 |
_aPsicología _9152 |
| 650 | 2 | 4 |
_aInstinto _960833 |
| 999 |
_c34624 _d34624 |
||